000 00748nam a2200289Ia 4500
005 20260324131624.0
008 008 260324s9999 xx 000 0 eng d
020 _a9780203969458
037 _aEBOOK
040 _aCRL
040 _beng
040 _cCRL
041 _2eng
041 _aeng
084 _qCRL
100 _aHelle Malmvig
_91186202
245 0 _aState Sovereignty and Intervention
245 2 _bA Discourse Analysis of Interventionary and Non-Interventionary Practices in Kosovo and Algeria
260 _bTaylor and Francis
260 _c2006
365 _a
365 _b265
856 _uhttp://www.taylorfrancis.com/books/9780203969458
942 _cEBOOK
999 _c1783540
_d1783540